| 000 | 00687nam a22002171c 4500 | ||
|---|---|---|---|
| 001 | a987688870 | ||
| 008 | 180116s2017 gw |||| 000u rus d | ||
| 020 |
_a9785777706935 _9978-5-7777-0693-5 |
||
| 041 | _arus | ||
| 100 | 1 | _aHorn, Karen Ilse | |
| 240 | 1 | 4 | _aDie soziale Marktwirtschaft alles, was Sie über den Neoliberalismus wissen müssen |
| 245 | 0 | 0 |
_aSocial'noe rynočnoe chozjajstvo. : _bVse čto vam nužno znat' o neoliberalizme |
| 264 |
_aMoskva : _bVes' mir, _c2017 |
||
| 300 | _a198 Seiten | ||
| 650 | 0 | _aSoziale Marktwirtschaft | |
| 650 | 0 | _aNeoliberalismus | |
| 710 | 2 | _aKonrad Adenauer Stiftung | |
| 942 | _cMG | ||
| 040 | _cRU-10907106 | ||
| 003 | RU-10907106 | ||
| 999 |
_c48807 _d48807 |
||